<?xml version="1.0" encoding="UTF-8"?>
<record
    xmlns:xsi="http://www.w3.org/2001/XMLSchema-instance"
    xsi:schemaLocation="http://www.loc.gov/MARC21/slim http://www.loc.gov/standards/marcxml/schema/MARC21slim.xsd"
    xmlns="http://www.loc.gov/MARC21/slim">

  <leader>02076nam a2200289Ia 4500</leader>
  <controlfield tag="001">K0714</controlfield>
  <controlfield tag="003">IT-RoPAU</controlfield>
  <controlfield tag="008">130308s9999    xx            000 0 und d</controlfield>
  <datafield tag="040" ind1=" " ind2=" ">
    <subfield code="a">IT-RoPAU</subfield>
  </datafield>
  <datafield tag="040" ind1=" " ind2=" ">
    <subfield code="c">IT-RoPAU</subfield>
  </datafield>
  <datafield tag="041" ind1=" " ind2=" ">
    <subfield code="a">ITALIANO+ </subfield>
  </datafield>
  <datafield tag="100" ind1=" " ind2=" ">
    <subfield code="a">Rotili Mario</subfield>
  </datafield>
  <datafield tag="100" ind1=" " ind2=" ">
    <subfield code="g">Codice Aut. SPICS: 60105</subfield>
  </datafield>
  <datafield tag="245" ind1=" " ind2=" ">
    <subfield code="a">Salvator Rosa Incisore</subfield>
  </datafield>
  <datafield tag="245" ind1=" " ind2=" ">
    <subfield code="b">Salvator Rosa Incisore                                                                                                                                    </subfield>
  </datafield>
  <datafield tag="250" ind1=" " ind2=" ">
    <subfield code="a">1a ed.</subfield>
  </datafield>
  <datafield tag="260" ind1=" " ind2=" ">
    <subfield code="a">ITALIA</subfield>
  </datafield>
  <datafield tag="260" ind1=" " ind2=" ">
    <subfield code="b">Societa' Editrice Napoletana</subfield>
  </datafield>
  <datafield tag="260" ind1=" " ind2=" ">
    <subfield code="c">1974 [1&#xB0; Ed.:1974 - Ed.Ling.Originale:1974]</subfield>
  </datafield>
  <datafield tag="300" ind1=" " ind2=" ">
    <subfield code="a">"280 p. (prefazione: no ; testo: 280 [pagine: 0-0])"</subfield>
  </datafield>
  <datafield tag="500" ind1=" " ind2=" ">
    <subfield code="a">"Fortuna Critica. Dall'Esordio a Napoli Alle Esperienze Fiorentine. Opera del Secondo Periodo Romano. Incisione di Salvator Rosa nel suo Tempo e Dopo. Catalogo Incisioni. tavola di Concordanze. Bibliografia. presentazione delle 112 Illustrazioni in bianco e Nero tra le Quali: Pan; Figura nuda Giacente; Gloria di Angeli; Penitente in Preghiera; Autoritratto in Veste di Pellegrino; Pastore; Uomo Seduto su una Roccia; paesaggio Lacustre; paesaggio con contadini che Abbeverano Buoi; Adorazione dei Pastori; Combattimento di Tritoni; cinque Fiumi; Diverse figure o Capricci; soldato che si Sveglia..; Soldati; tre Contadini; vecchio Seduto...; vecchio Scalzo...; giovane Seduto su un Muretto...; Pescatore...; Uomo Seminudo con Arco; Donne...; madre con bambino in Braccio; S. Guglielmo di Malavalle; S. Alberto; Glauco e Scilla; Apollo e Sibilla Cumana; Cerere e Fitalo; Accademia di Platone; Alessandro e Diogene; Democrito in Meditazione; tre Teschi Umani; tre Crani di Bue; Alessandro Nello Studio di Apelle; Genio di Salvator Rosa; Crocifissione di Policrate; Morte di Attilio Regolo; Edipo; sogno di Enea; Giasone e Drago; Ecc... 40 Illustrazioni in bianco e Nero di Altri Artisti. "</subfield>
  </datafield>
  <datafield tag="650" ind1=" " ind2=" ">
    <subfield code="a">AUTORI/OPERE DELLE ARTI VISIVE</subfield>
  </datafield>
  <datafield tag="650" ind1=" " ind2=" ">
    <subfield code="e">Codice materia Spics: 5007</subfield>
  </datafield>
  <datafield tag="942" ind1=" " ind2=" ">
    <subfield code="c">BK</subfield>
  </datafield>
  <datafield tag="957" ind1=" " ind2=" ">
    <subfield code="7">1</subfield>
  </datafield>
  <datafield tag="999" ind1=" " ind2=" ">
    <subfield code="c">76964</subfield>
    <subfield code="d">76964</subfield>
  </datafield>
  <datafield tag="999" ind1=" " ind2=" ">
    <subfield code="g">1</subfield>
  </datafield>
  <datafield tag="952" ind1=" " ind2=" ">
    <subfield code="0">0</subfield>
    <subfield code="1">0</subfield>
    <subfield code="4">0</subfield>
    <subfield code="6">K_000000000000000_0714</subfield>
    <subfield code="7">1</subfield>
    <subfield code="a">SPICS</subfield>
    <subfield code="b">SPICS</subfield>
    <subfield code="d">2013-03-08</subfield>
    <subfield code="l">0</subfield>
    <subfield code="o">K0714</subfield>
    <subfield code="r">2013-03-08 00:00:00</subfield>
    <subfield code="w">2013-03-08</subfield>
    <subfield code="y">BK</subfield>
    <subfield code="z">Progressivo inserimento:  21422 /  N. Volumi: 1 Copie: 1  / data import: 1 marzo 2013 - By Epidotti, Trombetti, Vaglietti. </subfield>
  </datafield>
</record>
